00564nam a2200193Ia 450000500170000000800410001702000150005808200130007310000130008624500760009926000280017530000170020365000100022065000120023065000120024294200060025495200950026099900150035520240919013426.0240331s9999 xx 000 0 und d a8185229147 bKAPa708 aKapur, G 0aWhen was modernism :bessays on contemporary cultural practice in India aNew DelhibTulikac2000 axv, 439 p ., aWomen aArtwork aCulture cL 001040708LaWERCLbWERCLcSSCd2024-03-31l0o 708 KAPp4637r2024-03-31w2024-03-31yL c3076d3076